MarketSim : Student Manual
Marketsim consists of two parts: Jeremy's market and Adam' market. In Jeremy's market each student is responsible for a household that consumes and produces goods. You also will be able to trade with the households run by your classmates. Your goal is to try to pick a production and t...
Zapisane w:
| 1. autor: | |
|---|---|
| Format: | Książka |
| Język: | Undetermined |
| Wydane: |
Victoria, Australia
Thomson / South-Western
2005
|
| Hasła przedmiotowe: | |
| Etykiety: |
Dodaj etykietę
Nie ma etykietki, Dołącz pierwszą etykiete!
|
| Thư viện lưu trữ: | Trung tâm Học liệu Trường Đại học Cần Thơ |
|---|
| LEADER | 01104nam a2200229Ia 4500 | ||
|---|---|---|---|
| 001 | CTU_117119 | ||
| 008 | 210402s9999 xx 000 0 und d | ||
| 020 | |c 20.41 | ||
| 082 | |a 658.8 | ||
| 082 | |b R922 | ||
| 100 | |a Ruffer, Rochelle L. | ||
| 245 | 0 | |a MarketSim : | |
| 245 | 0 | |b Student Manual | |
| 245 | 0 | |c Rochelle L. Ruffer, Ebenge Usip | |
| 260 | |a Victoria, Australia | ||
| 260 | |b Thomson / South-Western | ||
| 260 | |c 2005 | ||
| 520 | |a Marketsim consists of two parts: Jeremy's market and Adam' market. In Jeremy's market each student is responsible for a household that consumes and produces goods. You also will be able to trade with the households run by your classmates. Your goal is to try to pick a production and trading strategy that gives your household the highest possible level of happiness. In Adam's market you will be responsible for both a household and a firm, and money is used to make transactions between firms and households. | ||
| 650 | |a Marketing management | ||
| 650 | |x Case studies | ||
| 904 | |i Minh | ||
| 980 | |a Trung tâm Học liệu Trường Đại học Cần Thơ | ||